Summary report of the 1973 IACP uniform yield trials an activity of the Inter-Asian corn improvment program

Saved in:
Bibliographic Details
Format: Book
Language:Undetermined
Published: 1973
Subjects:
Tags: Add Tag
No Tags, Be the first to tag this record!
Institutions: Trung tâm Học liệu Trường Đại học Cần Thơ
LEADER 00462nam a2200133Ia 4500
001 CTU_12320
008 210402s9999 xx 000 0 und d
082 |a 633.15 
082 |b S955/1973 
245 0 |a Summary report of the 1973 IACP uniform yield trials an activity of the Inter-Asian corn improvment program 
260 |c 1973 
650 |a corn,field crops 
904 |i Nguyễn Quang Điền, 961112 
980 |a Trung tâm Học liệu Trường Đại học Cần Thơ